000
00324nam a2200145Ia 4500
100
_a
Basavarajaiak & mahadevappa
942
_c
BK
654
_a
materials
245
_a
Strength Of Materials
260
_b
C.B.S.Publishers
_a
Delhi
_c
1988
082
_a
620.112
_b
BAS/MAH
300
_a
639
546
_a
ENGLISH
999
_c
33256
_d
33256